Toulouse players (2010-2020) - Statistics

General Stats
  • This quiz has been taken 4 times
  • The average score is 29 of 122
Answer Stats
Rank Player Positions Nationality Matches Goals (assists) Period % Correct
16 Alban Lafont GK 98 0 (0) 2015-2018
100%
5 Martin Braithwaite ST 136 35 (13) 2013-2017
100%
2 Wissam Ben Yedder ST 156 63 (19) 2010-2016
100%
84 Adrien Rabiot CM 13 1 (3) 2012-2013
67%
7 Ali Ahamada GK 133 1 (0) 2010-2016
67%
97 Amine Adli LW 4 0 (0) 2019-2020
67%
106 André-Pierre Gignac ST 2 1 (1) 2010-2011
67%
15 Christopher Jullien CB 99 6 (3) 2016-2019
67%
1 Étienne Didot CM 171 6 (19) 2010-2016
67%
6 François Moubandje LB 134 0 (3) 2013-2019
67%
22 Issa Diop CB 85 6 (3) 2015-2018
67%
10 Jean-Daniel Akpa Akpro CM 121 5 (9) 2011-2017
67%
75 Jean-Victor Makengo CM 19 2 (0) 2019-2020
67%
24 Jimmy Durmaz CM 83 9 (5) 2016-2019
67%
82 Manu Koné CM 14 0 (0) 2018-2020
67%
21 Max Gradel LW 86 22 (11) 2017-2020
67%
18 Moussa Sissoko CM 90 8 (6) 2010-2013
67%
8 Oscar Trejo AM 126 12 (13) 2013-2017
67%
19 Pantxi Sirieix CM 90 4 (4) 2010-2017
67%
9 Steeve Yago RB 122 0 (2) 2012-2018
67%
35 Tongo Doumbia DM 59 4 (3) 2014-2017
67%
41 Aaron Leya Iseka ST 50 6 (0) 2018-2020
33%
43 Abel Aguilar DM 49 1 (1) 2013-2015
33%
25 Alexis Blin DM 82 1 (3) 2014-2018
33%
44 Andy Delort ST 47 10 (5) 2016-2018
33%
27 Aymen Abdennour CB 77 3 (2) 2011-2014
33%
63 Bafodé Diakité CB 25 3 (0) 2018-2020
33%
39 Baptiste Reynet GK 54 0 (0) 2018-2020
33%
57 Clément Chantôme DM 27 2 (5) 2013-2014
33%
77 Clément Michelin RB 16 0 (0) 2016-2019
33%
30 Corentin Jean ST 69 2 (7) 2016-2020
33%
48 Eden Ben Basat ST 32 7 (0) 2012-2014
33%
65 Efthymios Koulouris ST 24 4 (2) 2019-2020
33%
13 Étienne Capoue DM 104 12 (6) 2010-2013
33%
14 Franck Tabanou LB 100 11 (18) 2010-2013
33%
26 Ibrahim Sangaré DM 78 2 (5) 2016-2020
33%
3 Issiaga Sylla LB 152 9 (8) 2012-2015, 2016-2020
33%
78 Jessy Pi DM 16 0 (1) 2016-2017
33%
79 John Bostock CM 16 0 (0) 2018-2019
33%
67 Kalidou Sidibé DM 24 1 (0) 2018-2020
33%
11 Kelvin Amian RB 110 1 (4) 2016-2020
33%
51 Manu García AM 31 0 (4) 2018-2019
33%
99 Mathieu Cafaro RW 4 0 (0) 2016-2017
33%
100 Mathieu Gonçalves LB 4 0 (0) 2019-2020
33%
71 Mauro Goicoechea GK 21 0 (0) 2015-2017, 2018-2020
33%
120 Moussa Diarra CB 1 0 (0) 2019-2020
33%
111 Nathan Ngoumou RW 2 0 (0) 2018-2020
33%
83 Nicolas Isimat-Mirin CB 14 1 (0) 2019-2020
33%
80 Odsonne Edouard ST 16 1 (0) 2016-2017
33%
36 Ola Toivonen ST 58 7 (4) 2016-2018
33%
38 Paulo Machado CM 57 7 (5) 2010-2012
33%
12 Pavle Ninkov RB 109 1 (5) 2011-2017
33%
62 Quentin Boisgard CM 26 1 (1) 2017-2018, 2019-2020
33%
88 Ruben Gabrielsen CB 8 0 (0) 2019-2020
33%
29 Serge Aurier RB 72 8 (12) 2011-2014
33%
23 Somália CM 84 1 (3) 2015-2018
33%
60 Steven Moreira RB 27 0 (0) 2018-2020
33%
70 Wesley Saïd ST 23 2 (1) 2019-2020
33%
68 William Matheus LB 24 0 (2) 2014-2016
33%
72 William Vainqueur DM 21 0 (0) 2019-2020
33%
31 Yann Bodiger DM 69 2 (4) 2014-2019
33%
33 Yaya Sanogo ST 63 12 (3) 2017-2020
33%
49 Zacharie Boucher GK 32 0 (0) 2013-2015
33%
87 Adil Hermach DM 9 0 (1) 2012-2013
0%
105 Adil Taoui LW 2 0 (0) 2019-2020
0%
53 Adrián Gunino RB 29 0 (1) 2010-2011
0%
4 Adrien Regattin AM 139 9 (14) 2010-2016
0%
85 Agustín Rogel CB 10 0 (0) 2019-2020
0%
37 Aleksandar Pesic ST 57 8 (7) 2014-2016
0%
91 Amadou Soukouna ST 5 1 (0) 2010-2012
0%
42 Antoine Devaux CM 50 3 (1) 2010-2012
0%
20 Cheikh M'Bengue LB 86 1 (2) 2010-2014
0%
17 Daniel Braaten RW 95 8 (9) 2010-2013
0%
28 Daniel Congré CB 74 2 (1) 2010-2012
0%
114 Dany Maury RB 1 0 (0) 2013-2014
0%
115 Dany Nounkeu CB 1 0 (0) 2010-2011
0%
92 Dodi Lukébakio RW 5 0 (0) 2016-2017
0%
93 Dominik Furman CM 5 0 (0) 2013-2014
0%
58 Dragoș Grigore CB 27 0 (0) 2014-2015
0%
116 Driss Khalid AM 1 0 (0) 2017-2018
0%
117 Driss Trichard LB 1 0 (0) 2013-2014
0%
55 Dusan Veskovac CB 28 0 (1) 2013-2015, 2016-2017
0%
45 Emmanuel Rivière ST 44 9 (2) 2011-2013
0%
69 Federico Santander ST 23 5 (2) 2010-2011
0%
61 Firmin Mubele ST 26 2 (1) 2017-2019
0%
66 Fodé Mansaré LW 24 0 (3) 2010-2011
0%
74 Gen Shoji CB 19 0 (0) 2018-2020
0%
56 Giannelli Imbula DM 28 1 (1) 2017-2018
0%
107 Hakim El Mokeddem AM 2 0 (0) 2018-2019
0%
118 Ilias Hassani CB 1 0 (0) 2013-2014
0%
119 Janis Antiste ST 1 0 (0) 2019-2020
0%
50 Jean-Armel Kana-Biyik CB 31 3 (0) 2014-2016
0%
86 Jean-Clair Todibo CB 10 1 (1) 2018-2019
0%
47 Jonathan Zebina CB 37 0 (0) 2012-2014
0%
108 Kévin Rodrigues LB 2 0 (0) 2011-2013
0%
98 Lovre Kalinic GK 4 0 (0) 2019-2020
0%
40 Marcel Tisserand CB 54 1 (1) 2014-2016
0%
109 Marc Vidal GK 2 0 (0) 2010-2011
0%
34 Mathieu Dossevi RW 61 5 (4) 2018-2020
0%
54 Mathieu Valverde GK 29 0 (0) 2010-2011
0%
64 Mauro Cetto CB 25 4 (0) 2010-2011
0%
103 Maxime Spano CB 3 0 (0) 2014-2015
0%
110 Mehdi Fennouche LW 2 0 (0) 2013-2014
0%
90 Mickaël Firmin CB 7 0 (0) 2011-2012
0%
94 Mihai Roman RW 5 0 (0) 2013-2014
0%
59 Mohamed Fofana CB 27 0 (0) 2010-2012
0%
101 Olivier Blondel GK 4 0 (0) 2012-2013
0%
121 Quentin Depehi ST 1 0 (0) 2016-2017
0%
122 Sami Larabi CB 1 0 (0) 2014-2015
0%
112 Søren Larsen ST 2 0 (0) 2010-2011
0%
95 Stéphane Mbia DM 5 0 (0) 2018-2019
0%
96 Steven Fortes CB 5 0 (0) 2017-2019
0%
52 Umut Bulut ST 31 5 (0) 2011-2012
0%
32 Uros Spajic CB 63 0 (1) 2013-2016
0%
89 Xavier Pentecôte ST 8 2 (0) 2010-2012
0%
113 Yanick Aguemon LW 2 0 (0) 2011-2012
0%
46 Yannick Cahuzac DM 43 1 (0) 2017-2019
0%
76 Yannick Djaló LW 17 0 (0) 2012-2013
0%
81 Yannis Tafer RM 16 0 (1) 2010-2011
0%
102 Youssef Ben Ali RW 4 0 (0) 2014-2016
0%
104 Yrondu Musavu-King CB 3 0 (0) 2016-2017
0%
73 Zinédine Machach AM 21 2 (1) 2014-2016, 2017-2018
0%
No matching quizzes found
Score Distribution
Percent of People with Each Score
Percentile by Number Answered
Your Score History
You have not taken this quiz